000
00318nam a2200109Ia 4500
008
160531s9999 xx 000 0 und d
100
_a
Rezgui, Arfaoui I.
245
_a
Special Functions, a Review
245
_c
by S. Arfaoui, I. Rezgui, A.B. Mabrouk
260
_c
2016
856
_u
http://vixra.org/pdf/1601.0009v1.pdf
999
_c
295053
_d
295053